00856cam a22002297a 4500003000500000005001700005008004100022010001000063011001000073035001000083040000900093082001500102110007500117245006800192260010000260300003100360410007500391490002800466650002900494810007500523830002800598CHAP20220817042935.0971013d1985 tw a r 00010 eng d a60597 a61569 a65735 cCHAP a631.44bF6 aFood and Fertilizer Technology Center for the Asian and Pacific Region 0aSoil taxonomy :breview and use in the Asian and Pacific region aTaiwan, Taipei :bFood and Fertilizer Technology Center for the Asian and Pacific Region,c1985 a158 p.b: ilus. ; gráfs. aFood and Fertilizer Technology Center for the Asian and Pacific Region 0aFFTC. Book seriesv; 2914aSuelosxClasificación. aFood and Fertilizer Technology Center for the Asian and Pacific Region0 aFFTC. Book seriesv; 29